000 00809nam a2200205 a 4500
005 20140905152853.0
008 140120b1999 ck ||||| |||| 00| 0 spa d
041 _aspa
090 _aIAvH
_b00045
100 _aVivas, Manuel Benjamín
_94201
245 _aDiagnóstico preliminar del uso de productos naturales no maderables (PNNM) en Colombia y definición de las condiciones para el establecimiento de la red preliminar de PNNM en el país
260 _aBogotá
_bConservación Internacional
_bInstituto Alexander von Humboldt
_c1999
300 _a173 p.
650 _aProductos naturales no maderables
_94202
650 _aUso sostenible de la biodiversidad
_92196
650 _aMaterias primas para artesanías
_94203
650 _aIniciativa BIOTRADE
_94204
662 _aColombia
942 _cINFORME
_2z
999 _c3333
_d3333